Экономика внешних связей России: учебник для предпринимателя

ग्रंथसूची विवरण
अन्य लेखक: Булатов А. С. (редактор)
सारांश:Рекомендован Всероссийской академией внешней торговли
Исключено из фонда НТБ ТПУ
भाषा:रूसी
प्रकाशित: Москва, Бек, 1995
विषय:
स्वरूप: MixedMaterials पुस्तक
KOHA link:https://koha.lib.tpu.ru/cgi-bin/koha/opac-detail.pl?biblionumber=1258

MARC

LEADER 00000nam0a2200000 4500
001 1258
005 20260420111609.0
010 |a 5856391071 
035 |a (RuTPU)RU\TPU\book\1265 
035 |a BOOK00001267 
090 |a 1258 
100 |a 20011209d1995 m y0rusy50 ca 
101 0 |a rus 
102 |a RU 
105 |a y j 000zy 
200 1 |a Экономика внешних связей России  |e учебник для предпринимателя  |f Под ред. А. С. Булатова 
210 |a Москва  |c Бек  |d 1995 
215 |a 704 с. 
300 |a Рекомендован Всероссийской академией внешней торговли 
333 |a Исключено из фонда НТБ ТПУ 
610 1 |a экономика 
610 1 |a Россия 
610 1 |a экономика внешних связей 
610 1 |a внешнеэкономические связи 
610 1 |a учебники 
686 |a У9(2)8я73  |2 rubbk 
702 1 |a Булатов  |b А. С.  |4 340 
801 0 |a RU  |b 63413507  |c 20011209  |g PSBO 
801 2 |a RU  |b 63413507  |c 20220422  |g PSBO 
942 |c BK